Estudio de Opinión Pública Unimer RI - La Nación setiembre de 1994: efectuada del 13 al 25 de agosto /
Salvato in:
| Autore principale: | |
|---|---|
| Ente Autore: | |
| Altri autori: | |
| Natura: | testo |
| Pubblicazione: |
San José:
Unimer
|
| Soggetti: | |
| Tags: |
Aggiungi Tag
Nessun Tag, puoi essere il primo ad aggiungerne!!
|
MARC
| LEADER | 00000 a a2200000 04500 | ||
|---|---|---|---|
| 001 | 27614 | ||
| 003 | |||
| 040 | |||
| 090 | |a 185803 |b ENCUESTA | ||
| 100 | |a Mendiola T, Haydée | ||
| 110 | |a Unimer Research International | ||
| 245 | |a Estudio de Opinión Pública Unimer RI - La Nación setiembre de 1994: efectuada del 13 al 25 de agosto / |c Haydée Mendiola T. | ||
| 260 | |a San José: |b Unimer | ||
| 300 | |a 39 p. y s.p |b **no definido** |b fonodiscos | ||
| 650 | |a OPINION PUBLICA | ||
| 650 | |a ENCUESTAS DE OPINION | ||
| 650 | |a PODER POLITICO | ||
| 650 | |a MINISTERIOS | ||
| 650 | |a PODER EJECUTIVO | ||
| 650 | |a PODER JUDICIAL | ||
| 650 | |a PODER LEGISLATIVO | ||
| 650 | |a PARLAMENTO | ||
| 650 | |a PRACTICA PARLAMENTARIA | ||
| 650 | |a GOBIERNO | ||
| 650 | |a BUROCRACIA | ||
| 650 | |a ADMINISTRACION | ||
| 650 | |a SERVICIOS PUBLICOS | ||
| 650 | |a PARTIDOS POLITICOS | ||
| 650 | |a ESTABILIDAD POLITICA | ||
| 650 | |a OPINION PUBLICA | ||
| 650 | |a SERVICIOS PUBLICOS | ||
| 650 | |a MINISTERIOS | ||
| 700 | |a Paniagua, Carlos G. | ||
| 999 | |c 3051 |d 3051 | ||
